Supplemental nights, to the book of the thousand and one nights : with notes, anthropological and explanatory. Volume four /

Bibliographische Detailangaben
Weitere Verfasser: Burton, Richard Francis, Sir, 1821-1890 (ÜbersetzerIn)
Format: Buch
Sprache:English
Arabic
Veröffentlicht: London : Privately printed by the Burton Club, 1885.
Schlagworte:
Classic Catalogue: View this record in Classic Catalogue
LEADER 01596nam a22003377a 4500
001 44669
003 BD-DhAAL
005 20250922144501.0
008 250918t1885 enka|||| |||| 00| 0 eng d
040 |a BD-DhAAL  |d BD-DhAAL 
041 |a eng  |h ara 
082 |a 398.21  |2 23 
245 |a Supplemental nights, to the book of the thousand and one nights :  |b with notes, anthropological and explanatory.  |p Volume four /  |c translated by Richard F. Burton. 
246 1 8 |a Alf laylah wa laylah 
260 |a London :  |b Privately printed by the Burton Club,  |c 1885. 
300 |a 305 pages :  |b illustrations ;  |c 25 cm 
362 |a Vol. 4 
504 |a Includes bibliographical references and index. 
505 |a v. 4. Supplemental nights. 
541 |a Donated by Farhana Zahir, Assistant Professor, BRAC Business School, BRAC University  |e 44669 
650 |a Fairy tales. 
650 |a Tales, Arabic.  |9 59382 
650 |a Folklore  |z Arab countries.  |9 59424 
650 |a Tales  |z Arabian Peninsula.  |9 59400 
650 |a Tales  |z Arab countries.  |9 59396 
700 |a Burton, Richard Francis,  |c Sir,  |d 1821-1890,  |e translator.  |9 59374 
730 |a Arabian Nights.  |l English.  |9 59373 
852 |a Ayesha Abed Library  |c General Stacks 
942 |2 ddc  |c BK 
999 |c 47587  |d 47587 
952 |0 0  |1 0  |2 ddc  |4 0  |6 398_210000000000000_SUP  |7 0  |9 78251  |a BRACUL  |b BRACUL  |c NEW  |d 2025-09-18  |e Donated by Farhana Zahir, Assistant Professor, BRAC Business School, BRAC University  |l 0  |o 398.21 SUP  |p 3010044669  |r 2025-09-18  |t 1  |w 2025-09-18  |y BK  |x Donated by Farhana Zahir, Assistant Professor, BBS, BRAC University. Price not available in the Book.